[Event "Mecklenburg VP LL2 Ost 1011"]
[Site "Mecklenburg VP"]
[Date "2010.11.14"]
[Round "3.6"]
[White "Gruenwald, Andreas"]
[Black "Meyer, Jan"]
[Result "0-1"]
[WhiteElo "1713"]
[BlackElo "1651"]
[PlyCount "70"]
[EventDate "2010.10.10"]
[EventType "team-tourn"]
[EventRounds "9"]
[EventCountry "GER"]
[SourceTitle "EXT 2022"]
[Source "ChessBase"]
[SourceDate "2021.10.06"]
[SourceVersion "1"]
[SourceVersionDate "2021.10.06"]
[SourceQuality "1"]
[WhiteTeam "Waren ESV"]
[BlackTeam "Warnemuende SF Ostsee II"]
[WhiteTeamCountry "GER"]
[BlackTeamCountry "GER"]

1. e4 c6 2. d4 d5 3. e5 Bf5 4. Bd3 e6 5. Nf3 Ne7 6. 0-0 Nd7 7. Re1 Qc7 8. Nc3 Bxd3 9. Qxd3 Nf5 10. a3 g6 11. Ne2 0-0-0 12. Ng5 Nb6 13. a4 h6 14. a5 Nc4 15. b3 Nxe5 16. dxe5 hxg5 17. Bxg5 Be7 18. Bxe7 Nxe7 19. Nd4 Nf5 20. c3 a6 21. Qf3 c5 22. Nc2 g5 23. g4 Nh4 24. Qf6 Rhg8 25. Qh6 Nf3+ 26. Kg2 Nxe5 27. Rxe5 Qxe5 28. b4 cxb4 29. cxb4 Qc7 30. Qh7 Rh8 31. Qd3 Kb8 32. Nd4 Qc4 33. Qd2 Rc8 34. Ra3 Qc1 35. Qd3 Qb2 0-1

[Event "Mecklenburg VP LL2 Ost 0910"]
[Site "Mecklenburg VP"]
[Date "2010.02.28"]
[Round "7.7"]
[White "Nickel, Udo"]
[Black "Gruenwald, Andreas"]
[Result "1/2-1/2"]
[WhiteElo "1660"]
[BlackElo "1750"]
[PlyCount "120"]
[EventDate "2009.10.18"]
[EventType "team-tourn"]
[EventRounds "9"]
[EventCountry "GER"]
[SourceTitle "EXT 2016"]
[Source "ChessBase"]
[SourceDate "2015.10.08"]
[SourceVersion "1"]
[SourceVersionDate "2015.10.08"]
[SourceQuality "1"]
[WhiteTeam "Saal Waterkant"]
[BlackTeam "Waren"]
[WhiteTeamCountry "GER"]
[BlackTeamCountry "GER"]

1. d4 Nf6 2. c4 g6 3. Nc3 Bg7 4. e4 d6 5. Be2 0-0 6. Nf3 c5 7. d5 Nfd7 8. 0-0 Ne5 9. h3 f5 10. Nxe5 Bxe5 11. Bh6 Bg7 12. Bxg7 Kxg7 13. Qd2 Nd7 14. exf5 Rxf5 15. Bg4 Rf8 16. Ne4 Nf6 17. Nxf6 exf6 18. Bxc8 Rxc8 19. Rae1 Rc7 20. Re6 a6 21. Qf4 Rd7 22. Rfe1 h5 23. R1e3 Qb8 24. Re7+ Rxe7 25. Rxe7+ Rf7 26. Re6 b5 27. Qxd6 Qxd6 28. Rxd6 bxc4 29. Rxa6 Rb7 30. d6 Kf7 31. Rc6 Rxb2 32. Rxc5 Rxa2 33. Rxc4 Ra1+ 34. Kh2 Rd1 35. Rc7+ Ke6 36. Rg7 g5 37. h4 gxh4 38. Re7+ Kxd6 39. Re4 Rf1 40. f3 h3 41. Kxh3 Rh1+ 42. Kg3 Rd1 43. Ra4 Rd5 44. Re4 Rg5+ 45. Kh3 Kd5 46. Re2 Kd6 47. Kh4 Rc5 48. f4 Kd7 49. Kg3 Kd6 50. Re8 Kd7 51. Rh8 Rc1 52. Rxh5 Ke6 53. Kg4 Rc4 54. Ra5 Rc3 55. Ra6+ Kf7 56. f5 Kg7 57. Ra7+ Kh6 58. Ra8 Rc4+ 59. Kh3 Kg5 60. Ra5 Rc3+ 1/2-1/2

[Event "Mecklenburg VP LL2 Ost 0910"]
[Site "Mecklenburg VP"]
[Date "2010.01.24"]
[Round "5.7"]
[White "Assmann, Hans"]
[Black "Gruenwald, Andreas"]
[Result "0-1"]
[WhiteElo "1593"]
[BlackElo "1750"]
[PlyCount "56"]
[EventDate "2009.10.18"]
[EventType "team-tourn"]
[EventRounds "9"]
[EventCountry "GER"]
[SourceTitle "EXT 2016"]
[Source "ChessBase"]
[SourceDate "2015.10.08"]
[SourceVersion "1"]
[SourceVersionDate "2015.10.08"]
[SourceQuality "1"]
[WhiteTeam "Stralsund FHSG II"]
[BlackTeam "Waren"]
[WhiteTeamCountry "GER"]
[BlackTeamCountry "GER"]

1. e4 e5 2. Nf3 Nc6 3. Nc3 d6 4. Bb5 Bd7 5. d3 Nf6 6. a3 Be7 7. Be3 0-0 8. Bc4 Be6 9. Nd5 Qd7 10. Nxe7+ Qxe7 11. Bxe6 fxe6 12. h3 d5 13. exd5 exd5 14. 0-0 h6 15. c3 b6 16. Rc1 Rad8 17. Qa4 Rd6 18. Nh2 a5 19. d4 Ne4 20. Qd1 Rg6 21. dxe5 Qe6 22. Kh1 Nxe5 23. Rc2 Nc4 24. Re2 Rf5 25. Nf3 Rxf3 26. Qxd5 Rxh3+ 27. gxh3 Qxd5 28. Kh2 Nxc3 0-1

[Event "Mecklenburg VP-ch Seniors op 09th"]
[Site "Binz"]
[Date "2009.12.03"]
[Round "3.38"]
[White "Vogel, Gerhard"]
[Black "Gruenwald, Andreas"]
[Result "1/2-1/2"]
[WhiteElo "1513"]
[BlackElo "1750"]
[PlyCount "76"]
[EventDate "2009.12.01"]
[EventType "swiss"]
[EventRounds "9"]
[EventCountry "GER"]
[SourceTitle "EXT 2022"]
[Source "ChessBase"]
[SourceDate "2021.10.06"]
[SourceVersion "1"]
[SourceVersionDate "2021.10.06"]
[SourceQuality "1"]

1. e4 e5 2. Nf3 Nc6 3. Bb5 d6 4. d4 Bd7 5. d5 Nb8 6. Bxd7+ Nxd7 7. c4 Ngf6 8. Nc3 Be7 9. Qa4 0-0 10. 0-0 a5 11. b4 axb4 12. Qxb4 b6 13. Bg5 Nxd5 14. Nxd5 Bxg5 15. Nxg5 c6 16. Qxd6 cxd5 17. cxd5 Ra4 18. f3 h6 19. Nh3 f5 20. Qc6 Nc5 21. exf5 Rxf5 22. d6 Rd4 23. Rad1 Kh7 24. Rxd4 exd4 25. Rd1 d3 26. Nf2 Rf6 27. Ne4 Nxe4 28. Qxe4+ Kh8 29. Rxd3 Rxd6 30. Rxd6 Qxd6 31. Qa8+ Kh7 32. Qe4+ Kg8 33. Qa8+ Kf7 34. a4 h5 35. Qe4 g6 36. Kf2 Kf6 37. h4 Qc5+ 38. Kg3 Kg7 1/2-1/2

[Event "Mecklenburg VP-ch Seniors op 08th"]
[Site "Plau am See"]
[Date "2008.10.11"]
[Round "6"]
[White "Lieb, Harald"]
[Black "Gruenwald, Andreas"]
[Result "1-0"]
[WhiteElo "2137"]
[BlackElo "1766"]
[PlyCount "83"]
[EventDate "2008.10.06"]
[EventType "swiss"]
[EventRounds "9"]
[EventCountry "GER"]
[SourceTitle "EXT 2022"]
[Source "ChessBase"]
[SourceDate "2021.10.06"]
[SourceVersion "1"]
[SourceVersionDate "2021.10.06"]
[SourceQuality "1"]

1. Nf3 Nf6 2. g3 d5 3. Bg2 c6 4. d4 Nbd7 5. 0-0 Qc7 6. Bf4 Qb6 7. b3 e6 8. c4 Be7 9. Nc3 Qa5 10. Qc2 dxc4 11. bxc4 0-0 12. e4 Nh5 13. Bd2 f5 14. Nd5 Qd8 15. Nxe7+ Qxe7 16. e5 Nb6 17. Rab1 Qf7 18. a4 g6 19. a5 Nd7 20. a6 b6 21. Ng5 Qe8 22. Bxc6 Rb8 23. Nxe6 Rf7 24. Bd5 Nxe5 25. Ng5 h6 26. Nxf7 Nxf7 27. Bxh6 Nf6 28. Bf4 Nxd5 29. Bxb8 Bxa6 30. Bxa7 Qc8 31. Rfc1 Nf6 32. Rxb6 Kg7 33. d5 Nd7 34. Rc6 Qb7 35. Bd4+ Kh7 36. Ra1 Nb8 37. Rb6 Qc8 38. Rxb8 Qxb8 39. Rxa6 Ng5 40. Kg2 Ne4 41. Ra7+ Kh6 42. Bg7+ 1-0

[Event "Mecklenburg VP-ch Seniors op 07th"]
[Site "Plau am See"]
[Date "2007.10.09"]
[Round "6"]
[White "Hunold, Rolf"]
[Black "Gruenwald, Andreas"]
[Result "1/2-1/2"]
[WhiteElo "1972"]
[BlackElo "1778"]
[PlyCount "134"]
[EventDate "2007.10.04"]
[EventType "swiss"]
[EventRounds "9"]
[EventCountry "GER"]
[SourceTitle "EXT 2022"]
[Source "ChessBase"]
[SourceDate "2021.10.06"]
[SourceVersion "1"]
[SourceVersionDate "2021.10.06"]
[SourceQuality "1"]

1. e4 e5 2. Nf3 Nc6 3. Bb5 a6 4. Ba4 Nf6 5. 0-0 Be7 6. Re1 b5 7. Bb3 0-0 8. Nc3 d6 9. h3 Na5 10. d3 c6 11. Bd2 Nxb3 12. axb3 b4 13. Ne2 Qb6 14. Ng3 Be6 15. Ra4 c5 16. Qe2 a5 17. Rea1 Ra6 18. Nh4 Rfa8 19. Nhf5 Bf8 20. Bg5 Qd8 21. Qf3 h6 22. Nxh6+ gxh6 23. Bxf6 Be7 24. Nh5 Bxf6 25. Qxf6 Qxf6 26. Nxf6+ Kg7 27. Ng4 h5 28. Ne3 Bd7 29. R4a2 Bb5 30. g3 a4 31. bxa4 b3 32. Ra3 Bd7 33. cxb3 Bxh3 34. Nc4 Rb8 35. a5 Bd7 36. Kf1 Bb5 37. Ke2 Kg6 38. Kd2 f5 39. f3 fxe4 40. fxe4 Kg5 41. Ne3 Rf8 42. Rf1 Rxf1 43. Nxf1 Kg4 44. Ra1 Ra8 45. Ne3+ Kg5 46. Kc3 Ba6 47. Rf1 Bb5 48. Ra1 Ra7 49. Rd1 Rxa5 50. b4 Ra8 51. bxc5 dxc5 52. Rf1 Rd8 53. Rf5+ Kg6 54. Nc4 Bxc4 55. Kxc4 Rd4+ 56. Kxc5 Rxd3 57. b4 Rxg3 58. b5 Rb3 59. Rxe5 h4 60. Rd5 h3 61. b6 h2 62. Rd1 Kf6 63. Rh1 Rb2 64. b7 Ke6 65. Kc6 Rc2+ 66. Kb6 Rb2+ 67. Kc7 Rc2+ 1/2-1/2

[Event "Mecklenburg VP-ch Seniors op 06th"]
[Site "Plau am See"]
[Date "2006.10.09"]
[Round "6"]
[White "Pape, Manfred"]
[Black "Gruenwald, Andreas"]
[Result "1-0"]
[WhiteElo "2035"]
[BlackElo "1864"]
[PlyCount "73"]
[EventDate "2006.10.04"]
[EventType "swiss"]
[EventRounds "9"]
[EventCountry "GER"]
[SourceTitle "EXT 2022"]
[Source "ChessBase"]
[SourceDate "2021.10.06"]
[SourceVersion "1"]
[SourceVersionDate "2021.10.06"]
[SourceQuality "1"]

1. e4 e6 2. d4 d5 3. Nc3 Nf6 4. Bg5 Be7 5. e5 Nfd7 6. h4 c5 7. Nb5 0-0 8. Bxe7 Qxe7 9. Nc7 Nc6 10. Nxa8 Nxd4 11. c3 Nc6 12. Nc7 a6 13. f4 Nb6 14. Nf3 f5 15. Nxe6 Bxe6 16. Ng5 Bf7 17. Bd3 Be8 18. Qb3 Nxe5 19. fxe5 Qxe5+ 20. Kf2 Qc7 21. Ne6 Qd6 22. Nxf8 c4 23. Qd1 Qc5+ 24. Kg3 Qd6+ 25. Kh3 cxd3 26. Qxd3 Kxf8 27. Rhf1 Bd7 28. Qg3 f4+ 29. Kh2 Kg8 30. Qxf4 Qxf4+ 31. Rxf4 h6 32. Rb4 Nc4 33. Rxb7 Bc6 34. Rc7 Bb5 35. a4 Be8 36. Rc8 Nd6 37. Rd8 1-0

[Event "Mecklenburg VP-ch Seniors op 06th"]
[Site "Plau am See"]
[Date "2006.10.07"]
[Round "4"]
[White "Ousatchi, Mark"]
[Black "Gruenwald, Andreas"]
[Result "1-0"]
[WhiteElo "2031"]
[BlackElo "1864"]
[PlyCount "56"]
[EventDate "2006.10.04"]
[EventType "swiss"]
[EventRounds "9"]
[EventCountry "GER"]
[SourceTitle "EXT 2022"]
[Source "ChessBase"]
[SourceDate "2021.10.06"]
[SourceVersion "1"]
[SourceVersionDate "2021.10.06"]
[SourceQuality "1"]

1. Nf3 d5 2. d4 Nc6 3. Bf4 e6 4. e3 Nf6 5. c4 Bb4+ 6. Nbd2 Ne4 7. a3 Bxd2+ 8. Nxd2 0-0 9. Bd3 f5 10. h4 Ne7 11. h5 dxc4 12. Bxe4 fxe4 13. Nxe4 Nd5 14. Be5 Qe7 15. Rh3 Rf5 16. g4 Rf7 17. Qe2 b5 18. f4 Bb7 19. Ng5 Rff8 20. Qc2 Rf5 21. Nxe6 Nxe3 22. Rxe3 Qh4+ 23. Qf2 Qh1+ 24. Qf1 Qh4+ 25. Kd2 b4 26. Qe1 c3+ 27. bxc3 bxc3+ 28. Kxc3 Qxg4 1-0

[Event "Mecklenburg VP-ch Seniors op 06th"]
[Site "Plau am See"]
[Date "2006.10.06"]
[Round "3"]
[White "Gruenwald, Andreas"]
[Black "Klose, Hans Peter"]
[Result "1-0"]
[WhiteElo "1864"]
[BlackElo "1429"]
[PlyCount "63"]
[EventDate "2006.10.04"]
[EventType "swiss"]
[EventRounds "9"]
[EventCountry "GER"]
[SourceTitle "EXT 2022"]
[Source "ChessBase"]
[SourceDate "2021.10.06"]
[SourceVersion "1"]
[SourceVersionDate "2021.10.06"]
[SourceQuality "1"]

1. e4 c5 2. Nf3 g6 3. c3 Bg7 4. Bc4 Nc6 5. d4 cxd4 6. cxd4 e6 7. Nc3 Nge7 8. 0-0 0-0 9. a3 d6 10. b4 a6 11. Bb3 Bd7 12. Bg5 Rc8 13. Ne2 h6 14. Be3 Kh8 15. Qd2 Ng8 16. Rad1 e5 17. dxe5 Bg4 18. exd6 Bxf3 19. gxf3 Ne5 20. Kg2 Qf6 21. f4 Nc4 22. Bxc4 Rxc4 23. e5 Qe6 24. h3 Rd8 25. Qd5 Qc8 26. Bc5 b5 27. Qxf7 g5 28. d7 Qc6+ 29. f3 Rc2 30. Rf2 gxf4 31. Nxf4 Rxf2+ 32. Kxf2 1-0

[Event "GER-chT Seniors 15th"]
[Site "Bad Blankenburg"]
[Date "2006.09.07"]
[Round "5.3"]
[White "Gruenwald, Andreas"]
[Black "Felser, Franz"]
[Result "1-0"]
[WhiteElo "2014"]
[BlackElo "2057"]
[PlyCount "95"]
[EventDate "2006.09.03"]
[EventType "team-swiss"]
[EventRounds "7"]
[EventCountry "GER"]
[SourceTitle "CBM 114 Extra"]
[Source "ChessBase"]
[SourceDate "2006.11.03"]
[SourceVersion "1"]
[SourceVersionDate "2006.11.03"]
[SourceQuality "1"]

1. e4 c5 2. Nf3 Nc6 3. Bc4 e6 4. Nc3 a6 5. a4 Nf6 6. d3 d5 7. exd5 exd5 8. Ba2 Be7 9. h3 0-0 10. 0-0 h6 11. Ne2 Re8 12. c3 Bf5 13. Ng3 Bh7 14. Nh4 Qd7 15. f4 Bd6 16. Qf3 Bc7 17. Rd1 Re7 18. Be3 d4 19. Bf2 Rd8 20. Rac1 Nd5 21. cxd4 cxd4 22. Ne2 Ne3 23. Rd2 Ba5 24. Rcd1 Nxd1 25. Rxd1 Nb4 26. Bb3 Nc6 27. f5 Re5 28. Ng3 Kh8 29. Rf1 Qe7 30. Qh5 Bg8 31. Ne4 Rxe4 32. dxe4 Qxe4 33. f6 gxf6 34. Nf5 Bd2 35. Bh4 Kh7 36. Bxf7 Ne5 37. Bxg8+ Rxg8 38. Ng3 Qe3+ 39. Kh1 Rxg3 40. Bxg3 Qxg3 41. Qf5+ Qg6 42. Qc8 Be3 43. Qxb7+ Kg8 44. Qxa6 Kf7 45. Qb7+ Ke6 46. a5 d3 47. a6 d2 48. Qb3+ 1-0

[Event "GER-chT Seniors 15th"]
[Site "Bad Blankenburg"]
[Date "2006.09.04"]
[Round "2.3"]
[White "Gruenwald, Andreas"]
[Black "Dietzsch, Herbert"]
[Result "0-1"]
[WhiteElo "2014"]
[BlackElo "2180"]
[PlyCount "54"]
[EventDate "2006.09.03"]
[EventType "team-swiss"]
[EventRounds "7"]
[EventCountry "GER"]
[SourceTitle "CBM 114 Extra"]
[Source "ChessBase"]
[SourceDate "2006.11.03"]
[SourceVersion "1"]
[SourceVersionDate "2006.11.03"]
[SourceQuality "1"]

1. e4 c5 2. Nf3 e6 3. d4 cxd4 4. Nxd4 a6 5. Bc4 Nf6 6. e5 Qa5+ 7. c3 Qxe5+ 8. Be3 Qc7 9. Nd2 Be7 10. 0-0 0-0 11. Bd3 Nc6 12. N2f3 d5 13. Bc2 Bd7 14. Bg5 Rfe8 15. Bh4 Rac8 16. Rc1 Ne4 17. Bg3 Nxg3 18. fxg3 e5 19. Nxc6 bxc6 20. Nh4 e4 21. Qh5 g6 22. Qh6 Qe5 23. Rxf7 Kxf7 24. Rf1+ Kg8 25. Kh1 Bg5 26. Nxg6 Bxh6 27. Nxe5 Rxe5 0-1

[Event "Mecklenburg VP Seniors op 10th"]
[Site "Plau am See"]
[Date "2006.04.07"]
[Round "5"]
[White "Gruenwald, Andreas"]
[Black "Micheel, Peter"]
[Result "1-0"]
[WhiteElo "1715"]
[BlackElo "1721"]
[PlyCount "99"]
[EventDate "2006.04.03"]
[EventType "swiss"]
[EventRounds "7"]
[EventCountry "GER"]
[SourceTitle "EXT 2007"]
[Source "ChessBase"]
[SourceDate "2006.11.23"]
[SourceVersion "1"]
[SourceVersionDate "2006.11.23"]
[SourceQuality "1"]

1. e4 d5 2. exd5 Nf6 3. d4 Qxd5 4. Nc3 Qa5 5. Bd2 c6 6. Bc4 Bf5 7. Nf3 e6 8. 0-0 Qc7 9. Ne5 Bd6 10. f4 Nbd7 11. Kh1 Nb6 12. Bb3 h5 13. Qe2 0-0-0 14. a4 Ng4 15. a5 Nd5 16. h3 Ngf6 17. a6 b6 18. Ra4 h4 19. Nxc6 Nh5 20. Rf3 Ng3+ 21. Rxg3 hxg3 22. Rc4 Kd7 23. Ne5+ Bxe5 24. Rxc7+ Bxc7 25. Nxd5 exd5 26. Qb5+ Ke7 27. Qc6 Bd6 28. Qxd5 Be6 29. Qg5+ Kd7 30. d5 Bxh3 31. gxh3 Rxh3+ 32. Kg1 Bc5+ 33. Kf1 Rh1+ 34. Ke2 Rdh8 35. Qf5+ Ke7 36. Qe5+ Kd8 37. Qb8+ Ke7 38. Qc7+ Kf6 39. Qe5+ Kg6 40. Qg5+ Kh7 41. Qxg3 Kg8 42. Qg4 R8h3 43. Qc8+ Kh7 44. Qf5+ Kg8 45. d6 R1h2+ 46. Kd1 Rh1+ 47. Be1 Re3 48. Bxf7+ Kh8 49. Qc8+ Kh7 50. Qg8+ 1-0

[Event "Mecklenburg VP Seniors op 10th"]
[Site "Plau am See"]
[Date "2006.04.05"]
[Round "3"]
[White "Gruenwald, Andreas"]
[Black "Kuehn, Peter1111"]
[Result "1-0"]
[WhiteElo "1715"]
[BlackElo "1769"]
[PlyCount "59"]
[EventDate "2006.04.03"]
[EventType "swiss"]
[EventRounds "7"]
[EventCountry "GER"]
[SourceTitle "EXT 2007"]
[Source "ChessBase"]
[SourceDate "2006.11.23"]
[SourceVersion "1"]
[SourceVersionDate "2006.11.23"]
[SourceQuality "1"]

1. e4 c5 2. Nf3 e6 3. d4 cxd4 4. Nxd4 Nf6 5. Nc3 d6 6. Be3 a6 7. Be2 Nbd7 8. 0-0 b5 9. a4 bxa4 10. f3 Bb7 11. Rxa4 Nb6 12. Ra2 d5 13. e5 Nfd7 14. f4 Qc7 15. Bh5 g6 16. Be2 h5 17. Kh1 Nc4 18. Bf2 Be7 19. Bd3 Nc5 20. Bxc4 dxc4 21. Qe2 Nd7 22. Rfa1 h4 23. h3 Nb6 24. Qg4 Rh6 25. Nxe6 fxe6 26. Qxe6 Qc8 27. Qg8+ Bf8 28. e6 Rh8 29. Qf7+ Kd8 30. Bxb6+ 1-0

[Event "Mecklenburg VP Seniors op 09th"]
[Site "Plau am See"]
[Date "2005.03.15"]
[Round "2"]
[White "Fleischer, Martin"]
[Black "Gruenwald, Andreas"]
[Result "1-0"]
[WhiteElo "1778"]
[BlackElo "1637"]
[PlyCount "99"]
[EventDate "2005.03.14"]
[EventType "swiss"]
[EventRounds "7"]
[EventCountry "GER"]
[SourceTitle "EXT 2006"]
[Source "ChessBase"]
[SourceDate "2005.11.24"]
[SourceVersion "1"]
[SourceVersionDate "2005.11.24"]
[SourceQuality "1"]

1. e4 e6 2. Nf3 Nf6 3. Nc3 d5 4. e5 Nfd7 5. d4 c5 6. Bb5 Nc6 7. Be3 Qb6 8. a4 a6 9. Bxc6 Qxc6 10. Ne2 Qc7 11. c3 h6 12. 0-0 Be7 13. h3 b6 14. Qd2 a5 15. Rac1 Ba6 16. Rfe1 b5 17. axb5 Bxb5 18. dxc5 Nxc5 19. Bxc5 Bxc5 20. Ned4 Qb6 21. b4 axb4 22. cxb4 Be7 23. Rb1 0-0 24. Nxb5 Qxb5 25. Nd4 Qb6 26. b5 Ra4 27. Nc6 Bc5 28. Qc2 Rfa8 29. Rb2 Rc4 30. Qb1 Ra3 31. Ree2 Rac3 32. Qf1 Rc1 33. Re1 R1c2 34. Rxc2 Rxc2 35. Re2 Rc4 36. Rb2 Ba3 37. Rb1 g6 38. Qe2 Bc5 39. g3 Rc3 40. Kg2 Rc4 41. Rb2 Ba3 42. Rb3 Bf8 43. Qa2 Bc5 44. Qa8+ Kg7 45. Rb2 d4 46. Qe8 Qb7 47. Ra2 g5 48. Ra8 Kg6 49. g4 Qxa8 50. Qxa8 1-0

[Event "Mecklenburg VP LL1 0405"]
[Site "Mecklenburg VP"]
[Date "2005.01.16"]
[Round "5.8"]
[White "Schubert, Horst"]
[Black "Gruenwald, Andreas"]
[Result "0-1"]
[WhiteElo "1749"]
[BlackElo "1593"]
[PlyCount "54"]
[EventDate "2004.10.24"]
[EventType "team"]
[EventRounds "9"]
[EventCountry "GER"]
[SourceTitle "EXT 2009"]
[Source "ChessBase"]
[SourceDate "2008.11.26"]
[SourceVersion "1"]
[SourceVersionDate "2008.11.26"]
[SourceQuality "1"]
[WhiteTeam "Neubrandenburg SV Turbine"]
[BlackTeam "Waren"]
[WhiteTeamCountry "GER"]
[BlackTeamCountry "GER"]

1. e4 e6 2. d4 d5 3. Be3 Nd7 4. exd5 exd5 5. Nf3 Ngf6 6. Bd3 c5 7. dxc5 Nxc5 8. 0-0 Bd6 9. Bxc5 Bxc5 10. Re1+ Kf8 11. h3 Qb6 12. Qd2 Qxb2 13. Qc3 Qb6 14. Re2 Be6 15. Qb3 Qc7 16. Nbd2 Rc8 17. Rae1 h6 18. Qb2 b6 19. Ne5 Kg8 20. Ndf3 Re8 21. Qb5 g5 22. Qb2 Kg7 23. Ng4 Bxg4 24. Rxe8 Rxe8 25. Rxe8 Bxf3 26. gxf3 Qg3+ 27. Kh1 Qxf3+ 0-1

[Event "Mecklenburg VP LL1 0405"]
[Site "Mecklenburg VP"]
[Date "2004.11.14"]
[Round "2.8"]
[White "Gruenwald, Andreas"]
[Black "Netzband, Justus"]
[Result "1-0"]
[WhiteElo "1593"]
[BlackElo "1516"]
[PlyCount "123"]
[EventDate "2004.10.24"]
[EventType "team"]
[EventRounds "9"]
[EventCountry "GER"]
[SourceTitle "EXT 2009"]
[Source "ChessBase"]
[SourceDate "2008.11.26"]
[SourceVersion "1"]
[SourceVersionDate "2008.11.26"]
[SourceQuality "1"]
[WhiteTeam "Waren"]
[BlackTeam "Torgelow Droegeheide"]
[WhiteTeamCountry "GER"]
[BlackTeamCountry "GER"]

1. e4 c5 2. Nf3 d6 3. d4 cxd4 4. Nxd4 Nf6 5. Nc3 g6 6. Be2 Bg7 7. 0-0 Nc6 8. Be3 0-0 9. Qd2 Re8 10. Rad1 Bd7 11. Nf3 Ng4 12. h3 Nxe3 13. Qxe3 Be6 14. a3 a6 15. Ng5 Bd7 16. Bc4 Ne5 17. Bb3 Rc8 18. f4 Nc4 19. Qg3 Rf8 20. e5 dxe5 21. f5 Qb6+ 22. Kh1 Bxf5 23. Qh4 h6 24. Nd5 Qc5 25. Ne4 Bxe4 26. Nxe7+ Kh8 27. Nxc8 Bxg2+ 28. Kxg2 Ne3+ 29. Kh2 Nxf1+ 30. Rxf1 Qxc8 31. Qe7 f5 32. Rd1 Bf6 33. Qb4 Kg7 34. Bd5 Rd8 35. c4 Qc7 36. Rg1 b6 37. a4 e4+ 38. Kh1 Qc5 39. Qb3 Qd4 40. Qg3 g5 41. Qc7+ Kh8 42. b4 Qe3 43. Rg3 Qd4 44. h4 Qd1+ 45. Kh2 Qd2+ 46. Rg2 Qf4+ 47. Qxf4 gxf4 48. Rg6 Rf8 49. h5 Kh7 50. Be6 f3 51. Kg1 Bd4+ 52. Kf1 f4 53. Bd5 e3 54. Bxf3 Rf6 55. Rg2 Bc3 56. b5 a5 57. Ke2 Rd6 58. Be4+ Kh8 59. Bd5 Rf6 60. Rg8+ Kh7 61. Rc8 Rf5 62. Be4 1-0